000 00345nam a2200145Ia 4500
008 230718s9999 xx 000 0 und d
041 _aEng.
082 _a336.24
_bCHO-F
100 _aChohan Abdul Hameed
245 0 _aFinancial Institutions
260 _aPakistan
_bkausar Law book
_c2011
300 _a528.297
650 _aLaw
999 _c29705
_d29705